=LDR 00000nam 2200000 4500 =001 001171 =005 20250710120439 =035 ##$$a 0010-0725000065 =007 ta =008 250710################a##########0#ind## =020 ##$$a 978-623-307-326-4 =082 ##$$a 398.209 598 =084 ##$$a 398.209 598 MEH d =100 #$$a Sonia Mehta =245 1#$$a DOT Kisah sebuah buku kecil yang bahagia /$c Sonia Mehta =250 ##$$a Cetakan Pertama =260 ##$$a Rawamangun :$b Badan Pengembangan dan Pembinaan Bahasa,$c 2022 =300 ##$$a 16 hlm. : $b Ilus. ; $c 29 cm. =650 #4$$a Cerita Anak Indonesia - Terjemahan =650 #4$$a Literasi - Bahan bacaan =856 ##$$a TBM AS SUHADA